| 000 | 01132nam a2200337 a 4500 | ||
|---|---|---|---|
| 001 | vtls000000407 | ||
| 003 | NLI | ||
| 005 | 20210601180013.0 | ||
| 008 | 101124s1968 ii a rl f000 0 eng | ||
| 020 | _cRs. 1.00 | ||
| 039 | 9 |
_y201011242355 _zVLOAD |
|
| 040 |
_aNLI _cVTLS |
||
| 041 | 0 | _aeng | |
| 044 | _aii | ||
| 082 | 0 | 4 | _a328.54 |
| 110 | 1 |
_aIndia . _bParliament . _bLok Sabha _n(4th : _d1977-1979) _97463 |
|
| 245 | 1 | 0 |
_aList of members of Lok Sabha : _bshowing permanent and Delhi addresses and telephone numbers, corrected upto 13th August, 1968 / _cFourth Lok Sabha, Govt. of India |
| 250 | _a4th ed. | ||
| 260 |
_aNew Delhi : _bLok Sabha Secretariat, _c1968 |
||
| 300 |
_av, 152 p. : _bill.; _c21 cm. |
||
| 650 | 0 |
_aLegislators _zIndia _95866 |
|
| 650 | 0 |
_aLegislative bodies _zIndia |
|
| 887 | _a Arjun | ||
| 901 | _aIOD55280 | ||
| 902 | _aGP328.54 In2l[4th]4thed | ||
| 905 | _aArjun | ||
| 906 | _aIOD469 | ||
| 949 |
_AVIRTUAITEM _D10003 _F1 _X100 _6IOD000055280ENG |
||
| 942 |
_2ddc _cBKS |
||
| 999 |
_aVIRTUA _c4366 _d4366 |
||
| 999 | _aVTLSSORT0080*0200*0400*0410*0440*0820*1100*2450*2500*2600*3000*6500*6501*9010*9020*9050*9060*9490*9991 | ||